| 000 | 01066nam a22003377a 4500 | ||
|---|---|---|---|
| 001 | BR0402465 | ||
| 003 | BR-BrBNA | ||
| 005 | 20230928101620.0 | ||
| 007 | ta | ||
| 008 | 230509b bl.||||| |||| 00| 0 por d | ||
| 040 |
_aBR-BrBNA _bpor _cBiblioteca Nacional de Agricultura |
||
| 041 | _a(Por) | ||
| 072 |
_aF02; F04; F61 _b1050 _b3530 _b3540 |
||
| 090 | _ 1050 BR0402465 | ||
| 100 | 1 | _aVichiato, M. | |
| 110 | 1 |
_aUniversidade Federal de Lavras, MG (Brasil) _0Tese (Mestrado) |
|
| 245 | 1 | _aInfluência da fertilização do porta-enxerto tangerineira [Citrus reshni Hort. ex Tan. cv. Cleópatra]em tubetes, até a repicagem | |
| 260 | 3 |
_aLavras, MG (Brasil): _c1996. |
|
| 300 | _a82 p. | ||
| 500 | _aSummaries (Eng, Por); Bibliography p. 69-75; 14 tables; 23 illus. | ||
| 650 | _aTANGERINA | ||
| 650 | _aMUDA | ||
| 650 | _aPORTA ENXERTO | ||
| 650 | _aTUBETE | ||
| 650 | _aFERTILIZANTE FOSFATADO | ||
| 650 | _aNUTRIÇÃO VEGETAL | ||
| 650 | _aCRESCIMENTO | ||
| 650 | _aMÉTODO ESTATÍSTICO | ||
| 909 |
_a202309 _bLucia _c55 _dLucia Elande |
||
| 942 | _cBK | ||
| 999 |
_c66709 _d66709 |
||